| 000 | 00000nam 2200000zi 4500 |
| 001 | 9.898221 |
| 003 | CaOODSP |
| 005 | 20240722110007 |
| 006 | m o d f |
| 007 | cr |n||||||||| |
| 008 | 210401e197211##oncb o f000 0|eng d |
| 040 | |aCaOODSP|beng|erda|cCaOODSP |
| 043 | |an-cn-mb|an-cn--- |
| 086 | 1 |aRE24-56/1972E-PDF |
| 245 | 00|aManitoba Federal-Provincial Agreement (as amended October 12, 1972) covering a development plan for the Interlake. |
| 246 | 33|aAgreement covering a comprehensive rural development plan for the Interlake area of Manitoba (as amended October 12, 1972) |
| 264 | 1|aOttawa : |bMinister of Regional Economic Expansion, |cNovember 1972. |
| 300 | |a1 online resource (iv, 44 pages) : |bmap |
| 336 | |atext|btxt|2rdacontent |
| 337 | |acomputer|bc|2rdamedia |
| 338 | |aonline resource|bcr|2rdacarrier |
| 500 | |aDigitized edition from print [produced by Innovation, Science and Economic Development Canada]. |
| 500 | |aIssued also in French under title: Entente relative a un plan global de développement rural pour la région d'Interlake au Manitoba (modifiée le 12 octobre 1972). |
| 650 | 0|aRural development|zManitoba|zInterlake Region. |
| 650 | 0|aRegional planning|zManitoba|zInterlake Region. |
| 650 | 0|aEconomic assistance, Domestic|zManitoba|zInterlake Region. |
| 650 | 0|aFederal government|zManitoba|zInterlake Region. |
| 651 | 0|aInterlake Region (Man.)|xEconomic conditions. |
| 710 | 1 |aCanada. |bDepartment of Regional Economic Expansion, |eissuing body. |
| 775 | 08|tEntente relative a un plan global de développement rural pour la région d'Interlake au Manitoba (modifiée le 12 octobre 1972).|w(CaOODSP)9.940820 |
| 856 | 40|qPDF|s1.24 MB|uhttps://publications.gc.ca/collections/collection_2024/isde-ised/re24/RE24-56-1972-eng.pdf |